Cult of The Lamb Quiz - Statistics

General Stats
  • This quiz has been taken 50 times
  • The average score is 9 of 13
Answer Stats
Question Answer % Correct
What is Narinder's other name? The one who waits
100%
Who made the game? Massive Monster
95%
Who is Ratau? Your mentor
95%
Who is the basic main character? The Lamb
91%
What are Bishops? Gods
86%
How many mouths do bird followers have? 2
72%
What can't you do with Narinder after defeating him Absorb him
70%
What is the best way of finding spies Reading minds
70%
How many upgrades can you do on a shrine? 3
58%
What does it cost to make the first shrine? 30 coins
49%
How many followers can the best shrine hold? 10
35%
What type of poop doesn't exist? Enormous
30%
How many bishops are there in the base game? 5
16%
No matching quizzes found
Score Distribution
Percent of People with Each Score
Percentile by Number Answered
Your Score History
You have not taken this quiz